| 000 | 00447nam a2200169Ia 4500 | ||
|---|---|---|---|
| 003 | OSt | ||
| 005 | 20260303110251.0 | ||
| 008 | 211028s2003 xx 000 0 und d | ||
| 040 | _cAIMIT LIBRARY | ||
| 041 | _aeng | ||
| 100 |
_aK Sreeja;Gunaseelan, A. _g92184 _92267 |
||
| 110 |
_aGunaseelan,A. _92268 |
||
| 245 | _aAsst management and device maintenance / | ||
| 260 |
_aAlwaye _c2003 |
||
| 710 |
_aWork Carried Out At _92269 |
||
| 942 |
_2ddc _cPRO |
||
| 999 |
_c216840 _d216840 |
||